| 000 | 00601nam a2200169Ia 4500 | ||
|---|---|---|---|
| 999 |
_c10759 _d10759 |
||
| 082 | _aTE.0017 | ||
| 100 | _aEswarappa, Kasi | ||
| 245 | 0 | _aAnthropological study of livelihoods: the case of two Sugali settlements in Anantapur district of Andhra Pradesh | |
| 260 |
_c2007 _bUniversity of Hyderabad, Hyderabad |
||
| 300 | _a255 | ||
| 504 | _aincludes bibliography | ||
| 650 |
_aAnantapur District (India) _vTribes |
||
| 650 |
_aSugali, The _vTribes _zAndhra Pradesh _zAnantapur District |
||
| 650 |
_aTribes _vTribes _zAndhra Pradesh _zAnantapur District |
||
| 710 | _aPrasad, R. Siva | ||
| 942 |
_cTH _2ddc |
||